[Event "ICS rated blitz match"]
[Site "207.99.5.190"]
[Date "1999.03.12"]
[Round "?"]
[White "Hossa"]
[Black "mrak"]
[Result "1-0"]
[WhiteElo "2408"]
[BlackElo "2257"]
[PlyCount "77"]

1. e4 d5 2. exd5 Nf6 3. Bb5+ Nbd7 4. c4 a6 5. Ba4 b5 6. cxb5 Nxd5 7. Nc3 Nb4 8.
d4 axb5 9. Bxb5 Bb7 10. f3 e6 11. Bxd7+ Qxd7 12. Nge2 Ba6 13. O-O c5 14. Be3 c4
15. Nf4 Bd6 16. Ne4 Bxf4 17. Bxf4 O-O 18. Bd6 Nd3 19. Bxf8 Qxd4+ 20. Nf2 Rxf8
21. Qa4 Ra8 22. Qc6 Qd5 23. Qxd5 exd5 24. Nxd3 cxd3 25. Kf2 Re8 26. b4 Re2+ 27.
Kg3 Bc4 28. Rf2 h5 29. Rxe2 dxe2 30. Kf2 d4 31. Rc1 Bd3 32. Rc8+ Kh7 33. Re8
Kg6 34. Rxe2 Bxe2 35. Kxe2 Kf5 36. a4 Ke5 37. a5 Kd5 38. Kd3 f5 39. a6 {
mrak resigns} 1-0

[Event "ICS rated blitz match"]
[Site "207.99.5.190"]
[Date "1999.03.12"]
[Round "?"]
[White "mrak"]
[Black "Hossa"]
[Result "0-1"]
[WhiteElo "2248"]
[BlackElo "2417"]
[PlyCount "54"]

1. e4 e5 2. Nf3 Nc6 3. Bb5 a6 4. Ba4 b5 5. Bb3 Be7 6. O-O Nf6 7. Re1 O-O 8. a4
Bb7 9. d3 b4 10. Nbd2 Bc5 11. Nf1 Rc8 12. h3 Qe7 13. Ng3 Na5 14. Nf5 Qe8 15.
Bg5 Nxb3 16. Bxf6 gxf6 17. Nh2 Kh8 18. cxb3 Qe6 19. Qh5 Rg8 20. h4 Qxb3 21.
Rac1 Bf8 22. Qf3 d5 23. Qh5 dxe4 24. dxe4 Qxb2 25. Ng4 Bxe4 26. Nxf6 Rxg2+ 27.
Kf1 27... Qxf2# {mrak checkmated} 0-1

[Event "ICS rated bullet match"]
[Site "207.99.5.190"]
[Date "1999.03.12"]
[Round "?"]
[White "Hossa"]
[Black "WhiteHorse"]
[Result "1-0"]
[WhiteElo "2323"]
[BlackElo "2411"]
[PlyCount "63"]

1. e4 e5 2. Nf3 d6 3. Be2 c5 4. O-O Nc6 5. Nc3 Be6 6. Bb5 Be7 7. Nd5 Nf6 8.
Bxc6+ bxc6 9. Nxe7 Qxe7 10. d3 O-O 11. Qd2 Ne8 12. Qc3 Bd7 13. Qb3 Kh8 14. Bg5
f6 15. Be3 g6 16. c4 Ng7 17. Qc3 f5 18. Bg5 Qe6 19. Bh6 Rg8 20. Ng5 Qe7 21.
Rae1 Ne6 22. f4 Nxg5 23. Bxg5 Qe6 24. fxe5 dxe5 25. exf5 gxf5 26. Rxe5 Qg6 27.
Re7+ Rg7 28. Rxg7 Qxg7 29. Bf6 Rg8 30. Re1 h6 31. Bxg7+ Rxg7 32. Re7 {
WhiteHorse resigns} 1-0

[Event "ICS rated blitz match"]
[Site "207.99.5.190"]
[Date "1999.03.12"]
[Round "?"]
[White "Hossa"]
[Black "inmichess"]
[Result "1-0"]
[WhiteElo "2426"]
[BlackElo "2263"]
[PlyCount "119"]

1. e4 e5 2. Nf3 Nc6 3. Bb5 Nge7 4. O-O a6 5. Bc4 d6 6. Ng5 d5 7. exd5 Nxd5 8.
Qh5 g6 9. Qf3 Qxg5 10. Bxd5 Nd8 11. d4 Qe7 12. Re1 Bg7 13. dxe5 c6 14. Bc4 Be6
15. Bxe6 Nxe6 16. Qe4 O-O-O 17. Nd2 Rd4 18. Qe2 Rhd8 19. Nc4 Kb8 20. Be3 R4d5
21. Qf3 Nd4 22. Bxd4 Rxd4 23. Qb3 Qe6 24. Nd6 Qxb3 25. axb3 Rd7 26. Nc4 Kc7 27.
g3 b5 28. Nd6 Kb6 29. Rac1 Rd5 30. f4 Bf8 31. Ne4 Be7 32. Kg2 c5 33. g4 h6 34.
Nc3 Rd2+ 35. Kg3 Bf8 36. h4 Kc7 37. h5 gxh5 38. gxh5 b4 39. Ne4 R2d4 40. Ra1
Kb6 41. Nf6 Rd8 42. e6 fxe6 43. Rxe6+ R4d6 44. Nd5+ Kb7 45. Rxd6 Rxd6 46. Ne3
Rd7 47. Nc4 Rd5 48. Kg4 Rd7 49. Kf5 Rd5+ 50. Ke6 Rxh5 51. Rd1 Rh2 52. Rd7+ Kc6
53. Rd8 Bg7 54. Rd6+ Kc7 55. Rd7+ Kc6 56. Rxg7 Rxc2 57. f5 Re2+ 58. Ne5+ Kb5
59. Rb7+ Ka5 60. Kd6 {inmichess resigns} 1-0

[Event "ICS rated blitz match"]
[Site "207.99.5.190"]
[Date "1999.03.12"]
[Round "?"]
[White "inmichess"]
[Black "Hossa"]
[Result "1-0"]
[WhiteElo "2254"]
[BlackElo "2435"]
[Annotator "Crafty v16.5"]
[PlyCount "82"]

{annotating for player Hossa using a scoring margin of +0.10 pawns. search
time limit is 10.00} 1. e4 1... c5 2. g3 Nc6 3. Nc3 Nf6 4. Nf3 e5 5. Bg2 Be7 6.
O-O O-O 7. Nd5 d6 8. Nxe7+ Qxe7 9. d3 Bg4 ({9:-0.41} 9... Bg4 10. c4 Nd7 11. h3
Bxf3 12. Qxf3 b5 13. b3 bxc4 14. bxc4 14... Nd4 $14) ({9:+0.02} 9... d5 10. Bg5
dxe4 11. dxe4 Bg4 12. Qd3 Rad8 13. Qb3 Bxf3 14. Qxf3 14... Nd4 $10) 10. c4 Nd4
({9:-0.61} 10... Nd4 11. Be3 Nxf3+ 12. Bxf3 Bxf3 13. Qxf3 a6 14. Bg5 b5 15.
Rad1 bxc4 16. Bxf6 gxf6 17. dxc4 $14) ({9:-0.33} 10... Nd7 11. h3 Bxf3 12. Qxf3
Qe6 13. Qg4 f5 14. exf5 Qxf5 15. Bd5+ Kh8 16. Qxf5 16... Rxf5 $14) 11. Re1 Bxf3
({8:-0.37} 11... Bxf3 12. Bxf3 Ne8 13. Bg2 f5 14. f3 f4 15. g4 15... Nf6 $14) (
{8:+0.18} 11... Nd7 12. Bg5 f6 13. Be3 f5 14. Bxd4 cxd4 15. Qe2 fxe4 16. Qxe4
Bxf3 17. Bxf3 $10) 12. Bxf3 Nxf3+ ({9:-0.57} 12... Nxf3+ 13. Qxf3 a6 14. Bg5 b5
15. b3 bxc4 16. dxc4 Rab8 17. Rad1 a5 18. Bxf6 18... gxf6 $14) ({9:-0.40} 12...
Ne8 13. Bg2 f5 14. f3 f4 15. g4 Nf6 16. a4 16... Rad8 $14) 13. Qxf3 Qe6 14. Bg5
Ne8 ({9:-0.64} 14... Ne8 15. g4 Nf6 16. Bxf6 Qxf6 17. Qxf6 gxf6 18. Kg2 Kg7 19.
Kf3 19... Kg6 $14) ({9:-0.47} 14... Nd7 15. g4 a6 16. b3 b5 17. Rab1 f6 18. Be3
18... Rad8 $14) 15. b3 f5 16. Qh5 fxe4 17. dxe4 Nf6 18. Qe2 Rad8 19. Rad1 Rd7
20. Rd3 Rdf7 21. a4 Ne8 22. Rf1 Qh3 23. f4 exf4 24. gxf4 Qe6 25. Re1 Kh8 ({
9:-0.64} 25... Kh8 26. e5 Qg6 27. Qe4 Rxf4 28. Qxg6 Rg4+ 29. Rg3 Rxg3+ 30. hxg3
hxg6 31. e6 $14) ({9:-0.20} 25... Nf6 26. f5 Qe5 27. Qf3 Rd7 28. Qf4 Qe7 29.
Bxf6 Rxf6 30. Red1 $10) 26. f5 Qe5 27. Qe3 Qb2 28. Qg3 Rd7 29. e5 Rxf5 30. exd6
Rf8 31. Rd2 Qa3 32. Rf2 Rg8 33. Be7 Qb4 34. Ref1 Qa3 35. Rf8 Nf6 36. Bxf6 Qa2
37. Be7 Rd8 38. Bxd8 Qe2 39. Bf6 Qe3+ 40. Qxe3 Rxf8 41. Bxg7+ Kg8 1-0

[Event "ICS rated standard match"]
[Site "207.99.5.190"]
[Date "1999.03.12"]
[Round "?"]
[White "Hossa"]
[Black "Shearoff"]
[Result "1-0"]
[WhiteElo "2248"]
[BlackElo "1992"]
[PlyCount "61"]

1. e4 c6 2. Nc3 g6 3. Nf3 Bg7 4. Be2 d6 5. O-O Nf6 6. d4 Bg4 7. Bg5 O-O 8. Qc1
Re8 9. Bh6 Bh8 10. Qf4 Qb6 11. e5 Bxf3 12. Qxf3 dxe5 13. dxe5 Nfd7 14. e6 fxe6
15. Bc4 Nf8 16. Rad1 Bg7 17. Bxg7 Kxg7 18. b3 Qc5 19. Rfe1 Qf5 20. Qe4 Na6 21.
Bxa6 Qxe4 22. Nxe4 bxa6 23. Nc5 Red8 24. Nxa6 Rd6 25. Rxd6 exd6 26. Nc7 Rc8 27.
Nxe6+ Kf6 28. Nxf8 Rxf8 29. f4 Rf7 30. Kf2 a5 31. Re8 {Shearoff resigns} 1-0

[Event "ICS rated standard match"]
[Site "207.99.5.190"]
[Date "1999.03.12"]
[Round "?"]
[White "Shearoff"]
[Black "Hossa"]
[Result "0-1"]
[WhiteElo "1986"]
[BlackElo "2254"]
[PlyCount "53"]

1. d4 Nf6 2. Nf3 e6 3. g3 Be7 4. Bg2 O-O 5. O-O d5 6. b3 c5 7. dxc5 Bxc5 8. Bb2
Nc6 9. e3 Bd7 10. Nbd2 Rc8 11. Rc1 Nb4 12. a3 Na6 13. b4 Bd6 14. c4 Nc7 15. c5
Be7 16. a4 Qe8 17. b5 Na8 18. Nb3 a6 19. bxa6 bxa6 20. a5 Bb5 21. Re1 Nd7 22.
Bd4 Ba4 23. Rb1 Nxc5 24. Bxc5 Bxc5 25. Qd3 Bb4 26. Rec1 Rxc1+ 27. Rxc1 {
Shearoff resigns} 0-1

[Event "ICS rated blitz match"]
[Site "207.99.5.190"]
[Date "1999.03.12"]
[Round "?"]
[White "Hossa"]
[Black "k64"]
[Result "1-0"]
[WhiteElo "2411"]
[BlackElo "2418"]
[PlyCount "69"]

1. e4 c5 2. Bc4 Nc6 3. a3 e6 4. Nc3 Nf6 5. d3 d6 6. Nf3 Be7 7. Bb5 O-O 8. Bxc6
bxc6 9. e5 Nd5 10. exd6 Bxd6 11. Ne4 f5 12. Nxd6 Qxd6 13. O-O e5 14. Re1 Re8
15. Nd2 Ba6 16. Qh5 g6 17. Qh6 Rad8 18. Nc4 Bxc4 19. dxc4 Nf6 20. Bg5 e4 21.
Qh4 Kg7 22. b3 Rd7 23. Bf4 Qe6 24. Rad1 Red8 25. Rxd7+ Rxd7 26. Be3 Qe5 27.
Qh6+ Kg8 28. h3 a5 29. a4 Qe6 30. Bd2 Qe5 31. Bxa5 Qb2 32. Rc1 Ne8 33. Bb6 Nd6
34. Bxc5 Nf7 35. Qf8# {k64 checkmated} 1-0

[Event "ICS rated standard match"]
[Site "207.99.5.190"]
[Date "1999.03.12"]
[Round "?"]
[White "Hossa"]
[Black "Girome"]
[Result "0-1"]
[WhiteElo "2260"]
[BlackElo "2241"]
[Annotator "Crafty v16.5"]
[PlyCount "170"]

{annotating for player Hossa using a scoring margin of +0.10 pawns. search
time limit is 10.00} 1. e4 1... c6 2. Nc3 d5 3. exd5 cxd5 4. Bb5+ Nc6 5. Nf3
Nf6 6. O-O Bg4 7. Bxc6+ bxc6 8. d4 e6 9. Qd3 Bf5 10. Qa6 Qb6 11. Qa4 Bd6 12.
Bg5 Nd7 13. Nh4 Bg6 14. Rae1 O-O 15. Nxg6 hxg6 16. Ne2 Qb5 17. Qb3 Rab8 18.
Qxb5 cxb5 19. c3 Rfc8 20. a3 a5 21. Nc1 Nb6 22. Nd3 Nc4 23. Ra1 Rb7 24. Be3 ({
9:-0.28} 24. Be3 24... a4 25. Bc1 f5 26. f4 Kf7 27. Kf2 Rh8 28. Rh1 $10) ({
9:-0.15} 24. Rae1 24... Be7 25. Bxe7 Rxe7 26. Re2 Rec7 27. f4 Kf8 28. Kf2 28...
Ke7 $10) 24... Kf8 25. Rfe1 Ke7 26. Re2 Kd7 27. Bf4 Bf8 28. Rae1 a4 29. Be5 Re8
30. Bg3 Be7 31. Ne5+ Nxe5 32. Bxe5 Bf6 33. f3 Bxe5 34. Rxe5 f6 35. R5e3 g5 36.
Kf2 Kd6 37. Kg3 g6 38. Kg4 Rh7 39. h3 Rh4+ 40. Kg3 e5 41. dxe5+ fxe5 42. R1e2
Rf4 43. Rd3 Kc5 44. Red2 Rd8 45. Rd1 Kc4 46. Kf2 Rf5 47. R1d2 Rf4 48. Re3 e4
49. Rxe4+ Rxe4 50. fxe4 Rf8+ 51. Ke3 dxe4 52. Rd4+ Kc5 53. Rxe4 Rf1 54. Re5+
Kc4 55. Rxg5 Rb1 56. Rg4+ Kc5 57. Rxg6 Rxb2 58. Rg3 Rb3 59. Kf4 Rxa3 60. Re3
Ra1 61. Kg5 a3 62. Re8 Rg1 63. Rc8+ Kd5 64. c4+ bxc4 65. Rd8+ Kc5 66. Rd2 Kb4
67. Re2 c3 68. g4 Kb3 69. Re7 c2 70. Rb7+ Ka2 71. Rf7 c1=Q+ 72. Kg6 Qe3 73. Rf6
Qxh3 74. g5 Qh4 75. Kf7 Qxg5 76. Ra6 Rg4 77. Rb6 Rf4+ 78. Ke8 Qe5+ 79. Re6
Qxe6+ 80. Kd8 Rd4+ 81. Kc7 Qd6+ 82. Kc8 Rc4+ 83. Kb7 Qc6+ 84. Kb8 Rb4+ 85. Ka7
Qb7# 0-1

[Event "ICS rated blitz match"]
[Site "207.99.5.190"]
[Date "1999.03.13"]
[Round "?"]
[White "mrak"]
[Black "Hossa"]
[Result "0-1"]
[WhiteElo "2240"]
[BlackElo "2427"]
[PlyCount "76"]

1. e4 c5 2. Nf3 Nf6 3. e5 Nd5 4. Nc3 Nf4 5. d4 cxd4 6. Nxd4 Ng6 7. Nf3 Nc6 8.
Bb5 Ncxe5 9. Nxe5 Nxe5 10. O-O a6 11. Ba4 Qc7 12. Re1 Nc4 13. Nd5 Qd8 14. Bg5
Nxb2 15. Qd4 f6 16. Bxf6 gxf6 17. Qxb2 Kf7 18. Bb3 e6 19. Nf4 d5 20. Rad1 Bd6
21. Nh5 Kg6 22. Qd4 Kxh5 23. c4 Be5 24. Qe3 d4 25. Qf3+ Kg5 26. h4+ Kh6 27. g4
Rg8 28. g5+ Kg7 29. Bc2 Kh8 30. Qh5 Qe7 31. Kh1 Bd7 32. g6 Be8 33. Rg1 f5 34.
Rde1 Bc6+ 35. f3 Bxf3+ 36. Qxf3 Qxh4+ 37. Kg2 Rxg6+ 38. Kf1 38... Rxg1+ {
mrak resigns} 0-1

[Event "ICS Rated standard match"]
[Site "207.99.5.190"]
[Date "1999.03.13"]
[Round "?"]
[White "Hossa"]
[Black "Mofongo"]
[Result "0-1"]
[WhiteElo "2247"]
[BlackElo "2618"]
[Annotator "Crafty v16.5"]
[PlyCount "121"]

{annotating for player Hossa using a scoring margin of +0.10 pawns. search
time limit is 10.00} 1. e4 1... e5 2. Nf3 Nc6 3. Bb5 a6 4. Bxc6 dxc6 5. d4 exd4
6. Qxd4 Qxd4 7. Nxd4 Bd7 8. O-O O-O-O 9. Be3 Nf6 10. Bg5 Be7 11. e5 Nd5 12.
Bxe7 Nxe7 13. Nc3 Rhe8 14. Rad1 c5 15. Nf3 Nc6 16. Rfe1 Bf5 17. Rxd8+ Kxd8 18.
Ng5 f6 19. Rd1+ Kc8 20. exf6 gxf6 21. Nf3 Bxc2 22. Rd5 b6 23. Kf1 Nb4 24. Rd2
Bd3+ 25. Kg1 Rd8 26. a3 Nc6 27. Rd1 Rd7 28. g3 Na5 29. Ra1 Nc4 30. b3 Na5 31.
b4 cxb4 32. axb4 Nc6 33. Na2 Bc4 34. Rc1 Bd5 35. Ne1 Rd6 36. b5 axb5 37. Nc3
Nd4 38. Rb1 Bc4 39. Kg2 c5 40. Nd1 Bd5+ 41. f3 Re6 42. Nf2 b4 43. Rd1 b3 44.
Nfd3 Re2+ 45. Kh3 Nxf3 46. Nxf3 Bxf3 47. Rb1 h5 48. Ne5 Bg2+ 49. Kh4 Be4 50. g4
Rxh2+ 51. Kg3 Rg2+ 52. Kh3 hxg4+ 53. Nxg4 Bxb1 54. Kxg2 Be4+ 55. Kg3 f5 56. Nh2
b2 57. Nf1 b1=Q 58. Ne3 Qg1+ 59. Ng2 Qxg2+ 60. Kf4 Qd2+ 61. Kg3 0-1

[Event "ICS rated blitz match"]
[Site "207.99.5.190"]
[Date "1999.03.13"]
[Round "?"]
[White "Hossa"]
[Black "MarvinMartian"]
[Result "1-0"]
[WhiteElo "2435"]
[BlackElo "2457"]
[PlyCount "29"]

1. e4 c5 2. Bc4 a6 3. Nc3 b5 4. Bxf7+ Kxf7 5. Qh5+ g6 6. Qd5+ e6 7. Qxa8 Nc6 8.
Nf3 Qc7 9. d3 Bb7 10. Bf4 Qb6 11. Ng5+ Kg7 12. Qe8 Nh6 13. Qxd7+ Be7 14. Nxe6+
Kf7 15. Bxh6 {MarvinMartian resigns} 1-0

[Event "ICS rated blitz match"]
[Site "207.99.5.190"]
[Date "1999.03.13"]
[Round "?"]
[White "Hossa"]
[Black "MarvinMartian"]
[Result "1-0"]
[WhiteElo "2481"]
[BlackElo "2411"]
[PlyCount "25"]

1. e4 c5 2. Bc4 a6 3. Nc3 b5 4. Bxf7+ Kxf7 5. Qh5+ g6 6. Qd5+ e6 7. Qxa8 Nc6 8.
Nf3 Qc7 9. d3 Bb7 10. Bf4 Qb6 11. Ng5+ Ke7 12. Bd6+ Kxd6 13. Qxf8+ {
MarvinMartian resigns} 1-0

[Event "ICS rated blitz match"]
[Site "207.99.5.190"]
[Date "1999.03.13"]
[Round "?"]
[White "Hossa"]
[Black "MarvinMartian"]
[Result "1-0"]
[WhiteElo "2494"]
[BlackElo "2398"]
[PlyCount "41"]

1. e4 c5 2. Bc4 a6 3. Nc3 b5 4. Bxf7+ Kxf7 5. Qh5+ g6 6. Qd5+ e6 7. Qxa8 Nc6 8.
Nf3 h6 9. O-O Qc7 10. d4 Bb7 11. Nxb5 Qb6 12. Ne5+ Nxe5 13. Qb8 Nc6 14. Qf4+
Kg7 15. Nd6 Nf6 16. e5 Bxd6 17. Qxf6+ Kg8 18. Qxg6+ Kf8 19. Bxh6+ Ke7 20. Qf6+
Ke8 21. Qxh8+ {MarvinMartian resigns} 1-0

[Event "ICS rated bullet match"]
[Site "207.99.5.190"]
[Date "1999.03.13"]
[Round "?"]
[White "TDChess"]
[Black "Hossa"]
[Result "0-1"]
[WhiteElo "2605"]
[BlackElo "2343"]
[PlyCount "62"]

1. e4 e5 2. Nf3 Nc6 3. Bb5 a6 4. Ba4 b5 5. Bb3 Be7 6. a4 Bb7 7. Qe2 b4 8. Qc4
Nh6 9. Qd5 O-O 10. Nxe5 Nxe5 11. Qxe5 d6 12. Qd4 c5 13. Qd3 Re8 14. O-O Bf8 15.
f3 Qh4 16. c3 Rac8 17. Qc4 bxc3 18. dxc3 Re6 19. Na3 Rb8 20. Rd1 Be7 21. a5 Kh8
22. Qa4 Rg6 23. Bc4 Qh3 24. g3 Rxg3+ 25. hxg3 Qxg3+ 26. Kf1 Qxf3+ 27. Ke1 Qxe4+
28. Be3 Qxe3+ 29. Be2 Be4 30. Qxe4 Qxe4 31. Rdb1 31... Ng4 {TDChess resigns}
0-1

[Event "ICS rated blitz match"]
[Site "207.99.5.190"]
[Date "1999.03.13"]
[Round "?"]
[White "MarvinMartian"]
[Black "Hossa"]
[Result "1-0"]
[WhiteElo "2386"]
[BlackElo "2506"]
[Annotator "Crafty v16.5"]
[PlyCount "67"]

{annotating for player Hossa using a scoring margin of +0.10 pawns. search
time limit is 10.00} 1. e4 1... c5 2. Nc3 Nc6 3. g3 Nf6 4. Bg2 e5 5. d3 Be7 6.
Nge2 O-O 7. O-O d6 8. Be3 Bg4 9. h3 Bd7 10. f4 Qc8 11. f5 Qc7 ({8:-0.10} 11...
Qc7 12. Bg5 Nb4 13. a3 Na6 14. Qd2 Rad8 15. Rae1 $10) ({8:+0.06} 11... Nd4 12.
Qd2 Qc7 13. Rae1 Rac8 14. a4 Bc6 15. Nxd4 15... cxd4 $10) 12. g4 Qd8 13. Ng3
Be8 ({8:-0.06} 13... Be8 14. g5 Nd7 15. Qg4 Kh8 16. Nd5 Nb4 17. Nxe7 17... Qxe7
$10) ({8:+0.24} 13... Ne8 14. Qd2 Bh4 15. Kf2 Nd4 16. g5 Nc7 17. Rae1 $10) 14.
g5 Nd7 15. h4 f6 16. Qg4 fxg5 ({8:-0.46} 16... fxg5 17. hxg5 Kh8 18. Nd5 Nd4
19. Rfc1 Bf7 20. Nxe7 Qxe7 21. c4 $14) ({8:-0.08} 16... Qb6 17. Rab1 Nb4 18.
Rfc1 fxg5 19. hxg5 Qc7 20. f6 20... Bd8 $10) 17. hxg5 Qb6 ({8:-1.88} 17... Qb6
18. f6 Bxf6 19. Na4 Qb4 20. gxf6 Rxf6 21. Rxf6 21... Nxf6 $18) ({8:-0.46} 17...
Kh8 18. Nd5 Nd4 19. Rac1 Nb6 20. Nxe7 Qxe7 21. c4 21... Bc6 $14) 18. Rab1 Kh8 (
{7:-0.80} 18... Kh8 19. Nd5 Qd8 20. c4 Nb4 21. Nxb4 cxb4 22. g6 hxg6 23. fxg6
$16) ({7:-0.54} 18... Bd8 19. f6 Nd4 20. Nd5 Qa6 21. Bxd4 cxd4 22. Qe6+ 22...
Kh8 $14) 19. g6 Nf6 20. Qh3 Nb4 21. Rf2 Kg8 ({7:-2.19} 21... Kg8 22. a3 hxg6
23. axb4 Qxb4 24. Na2 24... Qb5 $18) ({7:-0.72} 21... Qa6 22. Nh5 Nxh5 23. Qxh5
h6 24. Bxh6 Kg8 25. a3 Nxc2 26. Rxc2 26... gxh6 $16) 22. a3 hxg6 23. fxg6 Bd7 (
{8:-3.83} 23... Bd7 24. Nf5 Rfe8 25. axb4 Qxb4 26. Nd5 Bxf5 27. Nxf6+ Bxf6 28.
Qh7+ Kf8 29. exf5 $18) ({8:-3.30} 23... Bxg6 24. axb4 Qc7 25. bxc5 dxc5 26.
Qe6+ Bf7 27. Nb5 Bxe6 28. Nxc7 $18) 24. Nf5 Rae8 ({7:-5.16} 24... Rae8 25. axb4
Be6 26. Nh6+ gxh6 27. Qxe6+ Kg7 28. bxc5 dxc5 29. Qxe5 29... Kxg6 $18) ({
7:-4.01} 24... Bxf5 25. Rxf5 Rfe8 26. axb4 Qxb4 27. Nd5 Qa4 28. Nxf6+ $18) 25.
axb4 Qxb4 ({7:-19.56} 25... Qxb4 26. Nd5 Qe1+ 27. Rxe1 Rf7 28. Nxf6+ gxf6 29.
gxf7+ Kxf7 30. Nh6+ Kf8 31. Qxd7 31... Rb8 $18) ({7:-5.20} 25... Be6 26. Nh6+
gxh6 27. Qxe6+ Kg7 28. bxc5 dxc5 29. Qxe5 Kxg6 30. Bf4 $18) 26. Nd5 Rf7 27.
Nxb4 Rff8 28. Nd5 Rf7 29. Nxf6+ gxf6 30. gxf7+ Kxf7 31. Bf3 Rf8 32. Bh5+ Kg8
33. Qg4+ Kh7 34. Qg7# 1-0

[Event "ICS rated blitz match"]
[Site "207.99.5.190"]
[Date "1999.03.13"]
[Round "?"]
[White "Hossa"]
[Black "MarvinMartian"]
[Result "1-0"]
[WhiteElo "2485"]
[BlackElo "2407"]
[PlyCount "101"]

1. e4 d6 2. Bb5+ c6 3. Be2 e5 4. Nf3 Nf6 5. Nc3 Be7 6. O-O O-O 7. d4 Nbd7 8.
Be3 a6 9. dxe5 dxe5 10. Rc1 Qc7 11. Qd3 Nc5 12. Bxc5 Bxc5 13. Rcd1 Bg4 14. Qc4
Bb6 15. Rd3 Rad8 16. Rfd1 Rxd3 17. Qxd3 Bc5 18. Na4 Be7 19. Qe3 Nd7 20. Nc3 f6
21. Nh4 Bxe2 22. Qxe2 Nb6 23. Qg4 Qc8 24. Nf5 Rf7 25. Nxe7+ Rxe7 26. Qxc8+ Nxc8
27. Rd8+ Kf7 28. Rxc8 Rd7 29. g3 h5 30. Kg2 g5 31. a3 Kg6 32. a4 h4 33. gxh4
gxh4 34. Rg8+ Kh7 35. Rb8 Kg6 36. Kh3 Kg5 37. Rg8+ Kf4 38. Rg6 Rd6 39. Kxh4 Kf3
40. Kh5 Kxf2 41. h4 Ke3 42. Kh6 Kd2 43. Kg7 Kxc2 44. Rg2+ Kb3 45. Rh2 b5 46. a5
b4 47. Nb1 c5 48. Nd2+ Ka4 49. b3+ Kb5 50. h5 Rd7+ 51. Kxf6 {
MarvinMartian resigns} 1-0

[Event "ICS rated blitz match"]
[Site "207.99.5.190"]
[Date "1999.03.13"]
[Round "?"]
[White "MarvinMartian"]
[Black "Hossa"]
[Result "1-0"]
[WhiteElo "2395"]
[BlackElo "2497"]
[Annotator "Crafty v16.5"]
[PlyCount "68"]

{annotating for player Hossa using a scoring margin of +0.10 pawns. search
time limit is 10.00} 1. e4 1... c5 2. Nc3 Nc6 3. g3 Nf6 4. Bg2 e5 5. d3 Be7 6.
Nge2 O-O 7. O-O d6 8. h3 Bd7 9. f4 Qc8 10. f5 Qd8 11. g4 Kh8 ({8:+0.21} 11...
Kh8 12. g5 Ne8 13. h4 Nc7 14. Be3 Kg8 15. Qd2 $10) ({8:+0.36} 11... Nd4 12. g5
Ne8 13. h4 Nc7 14. Be3 Bc6 15. Qd2 $15) 12. Ng3 Nd4 13. Be3 Bc6 14. g5 Nd7 15.
h4 Rc8 ({7:+0.01} 15... Rc8 16. Nd5 Bxd5 17. exd5 Kg8 18. c3 Nb5 19. Qe2 $10) (
{7:+0.22} 15... Qb6 16. Rb1 Kg8 17. Nd5 Bxd5 18. exd5 Qc7 19. Qd2 $10) 16. Rf2
Rg8 ({7:-0.04} 16... Rg8 17. Nb1 Qa5 18. c4 b5 19. b3 19... Qc7 $10) ({7:+0.26
} 16... Qb6 17. Rb1 Kg8 18. Qd2 Qc7 19. Nd5 Bxd5 20. exd5 $10) 17. Qg4 Qb6 ({
7:-0.15} 17... Qb6 18. Nd1 Qa6 19. Qh5 g6 20. fxg6 fxg6 21. Qh6 $10) ({7:+0.15
} 17... Nb6 18. Qh5 Qe8 19. Nd5 Nxd5 20. exd5 Ba4 21. c3 $10) 18. Rb1 Rce8 19.
h5 Qa5 20. g6 Nf6 21. Qh3 Ref8 ({6:-0.60} 21... Ref8 22. h6 fxg6 23. hxg7+ Rxg7
24. Bh6 Qc7 25. Bxg7+ Kxg7 26. fxg6 26... hxg6 $14) ({6:-0.13} 21... Rc8 22.
gxf7 Rgf8 23. h6 Rxf7 24. hxg7+ Rxg7 25. Bh6 25... Rgg8 $10) 22. Bf3 Nxf3+ 23.
Rxf3 Ba4 ({6:+0.02} 23... Ba4 24. Rc1 Bd7 25. gxh7 Kxh7 26. h6 Rh8 27. Kf2 $10)
({6:+0.19} 23... d5 24. gxh7 Kxh7 25. h6 Rh8 26. Nh5 Rfg8 27. Nxf6+ Bxf6 28.
Rg3 gxh6 29. Qxh6# $10) 24. Rf2 Bd7 ({7:-0.57} 24... Bd7 25. h6 fxg6 26. hxg7+
Rxg7 27. Bh6 Qc7 28. Bxg7+ Kxg7 29. Qg2 $14) ({7:-0.12} 24... h6 25. Nxa4 Qxa4
26. gxf7 Rxf7 27. a3 d5 28. Qg2 Ng4 29. Rf3 Nxe3 30. Rxe3 $10) 25. Rg2 h6 26.
Nf1 Be8 27. Nh2 fxg6 28. hxg6 Bf7 29. Bxh6 Bxg6 30. fxg6 Ng4 31. Nxg4 Bh4 32.
Qxh4 Rf1+ 33. Rxf1 Re8 34. Bg5+ Kg8 1-0

[Event "ICS rated blitz match"]
[Site "207.99.5.190"]
[Date "1999.03.13"]
[Round "?"]
[White "Hossa"]
[Black "PostModernist"]
[Result "0-1"]
[WhiteElo "2476"]
[BlackElo "2554"]
[Annotator "Crafty v16.5"]
[PlyCount "138"]

{annotating for player Hossa using a scoring margin of +0.10 pawns. search
time limit is 10.00} 1. e4 1... c5 2. Bc4 Nc6 3. f4 e6 4. Nc3 Nf6 5. e5 d5 6.
Bb5 d4 7. exf6 dxc3 8. Bxc6+ bxc6 9. fxg7 cxd2+ 10. Qxd2 Bxg7 11. Qxd8+ Kxd8
12. c3 Rg8 13. Be3 Bf8 14. O-O-O+ ({10:+0.81} 14. O-O-O+ 14... Kc7 15. Rd2 Bb7
16. Nf3 Rd8 17. Rxd8 Kxd8 18. Rd1+ Ke8 19. Rd2 Be7 20. Kc2 $16) ({10:+0.93} 14.
g3 14... Ba6 15. Nf3 Kc7 16. Ng5 Rg7 17. Ne4 c4 18. O-O-O 18... Be7 $16) 14...
Ke8 15. Rd2 Bb7 16. Nf3 Rd8 17. Rxd8+ Kxd8 18. g3 f6 19. Nd2 e5 20. Ne4 exf4
21. Rd1+ Kc8 22. Bxf4 Rg6 23. Be3 Ba6 24. Bxc5 ({9:+1.38} 24. Bxc5 24... f5 25.
Nd6+ Bxd6 26. Bxd6 Re6 27. Bc5 Be2 28. Rd4 a5 29. Kd2 $16) ({9:+1.54} 24. Nxc5
24... Bc4 25. Nb3 a6 26. Bf4 c5 27. Kc2 h5 28. Kd2 $18) 24... f5 25. Nd6+ Kb8
26. Rd4 Be2 27. Kc2 h5 28. Rb4+ Bb5 29. Bxa7+ Ka8 30. Rxb5 cxb5 31. Nxb5 h4 32.
gxh4 Rg2+ 33. Kb3 Rxh2 34. Bg1 Rxh4 35. Nd4 f4 36. Ne6 Bd6 37. Bc5 Bxc5 38.
Nxc5 f3 39. Nd3 Rh2 40. c4 f2 41. Nxf2 Rxf2 42. a3 Ka7 43. Kc3 Rf3+ 44. Kb4 Kb6
45. a4 Rf5 46. b3 Rf3 47. a5+ Kc6 48. a6 Kb6 49. a7 Kxa7 50. Ka4 Kb6 51. Kb4
Kc6 52. Ka3 Kc5 53. Kb2 Kb4 54. Kc2 Rc3+ 55. Kd2 Rxb3 56. c5 Kxc5 57. Kc2 Re3
58. Kd2 Kd4 59. Kc2 Rf3 60. Kd2 Rf2+ 61. Ke1 Ke3 62. Kd1 Rh2 63. Kc1 Kd3 64.
Kb1 Kc3 65. Ka1 Rf2 66. Kb1 Rf8 67. Kc1 Rb8 68. Kd1 Re8 69. Kc1 Re1# 0-1

[Event "ICS rated blitz match"]
[Site "207.99.5.190"]
[Date "1999.03.13"]
[Round "?"]
[White "Hossa"]
[Black "MarvinMartian"]
[Result "1-0"]
[WhiteElo "2478"]
[BlackElo "2402"]
[PlyCount "73"]

1. e4 Nc6 2. Nf3 d6 3. Bb5 Bg4 4. Bxc6+ bxc6 5. O-O Nf6 6. Nc3 e5 7. Qe2 Be7 8.
Rb1 O-O 9. Qe3 Nd7 10. d3 Nc5 11. Ng5 h6 12. Qg3 Bd7 13. Nf3 Kh7 14. Be3 Ne6
15. d4 f6 16. d5 Ng5 17. Bxg5 hxg5 18. dxc6 Bxc6 19. b4 Bd7 20. Nd5 Rh8 21.
Nxe7 Qxe7 22. Rfd1 Kg8 23. Rb3 Kf7 24. Rc3 Be6 25. a3 Qd7 26. Nd2 Rh4 27. Qe3
Rah8 28. Nf3 R4h5 29. Qxa7 Rc8 30. a4 Ke8 31. a5 Kd8 32. Qb7 Bg4 33. Rd2 f5 34.
Nxe5 Qe6 35. Rxd6+ cxd6 36. Rxc8+ Qxc8 37. Nf7+ {MarvinMartian resigns} 1-0

[Event "ICS rated blitz match"]
[Site "207.99.5.190"]
[Date "1999.03.13"]
[Round "?"]
[White "MarvinMartian"]
[Black "Hossa"]
[Result "0-1"]
[WhiteElo "2389"]
[BlackElo "2491"]
[PlyCount "73"]

1. e4 c5 2. Nc3 Nc6 3. g3 Nf6 4. Bg2 e5 5. d3 Be7 6. Nge2 O-O 7. O-O d6 8. h3
Bd7 9. f4 Qc8 10. f5 Qd8 11. g4 Nd4 12. Ng3 Bc6 13. Rf2 Nd7 14. Nce2 Nxe2+ 15.
Qxe2 Bg5 16. Nh5 Bxc1 17. Rxc1 Qh4 18. Qf3 Nf6 19. Ng3 Rad8 20. c4 Qg5 21. Rcf1
Qh4 22. Qe3 Kh8 23. Ne2 Bd7 24. Rf3 Rde8 25. Rg3 Ng8 26. Kh2 Bc6 27. Ng1 Qe7
28. g5 a6 29. Rgf3 Rd8 30. f6 gxf6 31. gxf6 Nxf6 32. Rxf6 Be8 33. Nf3 Qxf6 34.
Ng5 Qg6 35. Bf3 h6 36. Rg1 Qf6 37. Bh5 {MarvinMartian resigns} 0-1